Touts les Pays Vainqueurs de la Coupe du Monde de Football en 30s - Statistiques

Statistiques générales
  • Ce quiz a été pris 143 fois
  • Le résultat moyen est 21 sur 22
Statistiques - réponses
Année Pays % Correct
2022 Argentine
100%
1986 Argentine
100%
1978 Argentine
100%
2018 France
100%
1998 France
100%
2002 Brésil
98%
1994 Brésil
98%
1970 Brésil
98%
1962 Brésil
98%
1958 Brésil
98%
2014 Allemagne
96%
1990 Allemagne
96%
1974 Allemagne
96%
1954 Allemagne
96%
2006 Italie
94%
1982 Italie
94%
1938 Italie
94%
1934 Italie
94%
2010 Espagne
93%
1950 Uruguay
86%
1930 Uruguay
86%
1966 Angleterre
81%
Aucun quiz correspondant
Distribution des résultats
% des personnes avec chaque résultat
Percentile par nombre de réponses
Votre historique - résultats
Vous n’avez pas pris ce quiz